000 00733nam a2200229 a 4500
003 OSt
005 20130628131120.0
008 130628s1994 sz ||||| |||| 00| 0 spa d
020 _a92 4 320840 3
040 _cBiblioteca Medicina
041 _aspa
082 _aOMS IT 840
110 _aOrganizacion Mundial de la Salud
_91006
245 0 0 _aComite de Expertos de la OMS en Patrones Biologicos.
_b43° Informe
250 _a1° ed.
260 _aGinebra
_bOrganizacion Mundial de la Salud
_c1994
300 _a231 p.
440 0 0 _aInformes Tecnicos
_92462
653 _aPRODUCTOS BIOLOGICOS-NORMAS
942 _2ddc
_cPH
999 _c1530
_d1530
952 _pH0050
_40
_00
_bBFM
_10
_oOMS IT 840
_d2013-06-28
_tEj. 1
_8NFIC
_70
_cCR
_2ddc
_yPH
_aBFM